000
00326nam a22001457a 4500
020
_a
0-8138-1756-0
041
_a
ENG
100
_a
Donnell Hunt
245
_a
Farm Power and Machinery Mangement
250
_a
29th
260
_a
New Delhi
_b
Jain Brothers
_c
2019-20
300
_a
519
650
_a
FMP
856
_u
FMP ( 43 )
999
_c
133
_d
133